Ivan il Terribile / (Record n. 3354)

Dettagli MARC
000 -LEADER
fixed length control field 00839nam a2200241 i 4500
003 - CONTROL NUMBER IDENTIFIER
control field IT-RoINE
005 - DATE AND TIME OF LATEST TRANSACTION
control field 20180223071501.0
008 - FIXED-LENGTH DATA ELEMENTS--GENERAL INFORMATION
fixed length control field 970922s1941 it r 000 0bita d
040 ## - CATALOGING SOURCE
Original cataloging agency ES-MaCSI.
Language of cataloging spa.
Transcribing agency IT-RoINE
Modifying agency CDM 0033801
041 1# - LANGUAGE CODE
Language code of text/sound track or separate title ita
Language code of original and/or intermediate translations of text fre
100 1# - MAIN ENTRY--PERSONAL NAME
Personal name Waliszewski, Kazimierz Klemens,
Dates associated with a name 1849-1935
9 (RLIN) 6743
245 10 - TITLE STATEMENT
Title Ivan il Terribile /
Statement of responsibility, etc Casimiro Waliszewski ; trad. di Lodovico Marinoni.
260 ## - PUBLICATION, DISTRIBUTION, ETC. (IMPRINT)
Place of publication, distribution, etc Milano :
Name of publisher, distributor, etc Corbaccio Dall'Oglio,
Date of publication, distribution, etc [1941].
300 ## - PHYSICAL DESCRIPTION
Extent 397 p. :
Other physical details il. ;
Dimensions 23 cm.
336 ## - CONTENT TYPE
Source rdacontent
Content type term text
337 ## - MEDIA TYPE
Source rdamedia
Media type term unmediated
338 ## - CARRIER TYPE
Source rdacarrier
Carrier type term volume
490 10 - SERIES STATEMENT
Series statement Collana storica Corbaccio
600 04 - SUBJECT ADDED ENTRY--PERSONAL NAME
Personal name Ivan
Numeration IV,
Titles and other words associated with a name Zar de Rusia,
Dates associated with a name 1530-1584
General subdivision Biografía
9 (RLIN) 6744
651 #4 - SUBJECT ADDED ENTRY--GEOGRAPHIC NAME
Geographic name Rusia
General subdivision Historia
Chronological subdivision 1533-1584 (Iván IV)
9 (RLIN) 6745
830 #0 - SERIES ADDED ENTRY--UNIFORM TITLE
9 (RLIN) 6746
Uniform title Collana storica (Corbaccio)
942 ## - ADDED ENTRY ELEMENTS (KOHA)
Item type Monografías
Dati di copia
Withdrawn status Lost status Damaged status Not for loan Home library Current library Date acquired Total Checkouts Full call number Barcode Date last seen Price effective from Koha item type
        Iglesia Nacional Española en Roma Iglesia Nacional Española en Roma 24/04/2014   BIO 1350 3813 24/04/2014 24/04/2014 Monografías